Zmluvné typy.
Výklad tretej časti druhej hlavy Obchodného zákonníka týkajúcej sa zmluvných typov. Základným zmluvným typom je v obchodných vzťahoch kúpna zmluva. Rozbor jej náležitostí. Ďalším a to novým zmluvným typom je zmluva o predaji podniku, zmluva o kúpe prenajatej veci a licenčná zmluva. Ďalšie typy zmlúv...
Salvato in:
| Autore principale: | |
|---|---|
| Natura: | Capitolo di libro |
| Lingua: | slovacco |
| Soggetti: | |
| Tags: |
Nessun Tag, puoi essere il primo ad aggiungerne!!
|
MARC
| LEADER | 00000naa a2200000 4500 | ||
|---|---|---|---|
| 001 | r008607 | ||
| 005 | 20220831085710.3 | ||
| 041 | 0 | |a slo | |
| 044 | |a [CS] | ||
| 245 | 1 | 0 | |a Zmluvné typy. |c J. Dědič |
| 520 | |a Výklad tretej časti druhej hlavy Obchodného zákonníka týkajúcej sa zmluvných typov. Základným zmluvným typom je v obchodných vzťahoch kúpna zmluva. Rozbor jej náležitostí. Ďalším a to novým zmluvným typom je zmluva o predaji podniku, zmluva o kúpe prenajatej veci a licenčná zmluva. Ďalšie typy zmlúv: zmluva o uložení a opatrovaní vecí a zmluva o dielo. | ||
| 610 | 2 | 0 | |a zmluvy obchodné |
| 610 | 2 | 0 | |a zákonník obchodný |
| 610 | 2 | 0 | |a zmluvy kúpne |
| 610 | 2 | 0 | |a zmluvy licenčné |
| 100 | 1 | |a Dědič, J. | |